000 00368nam a22001217a 4500
008 230612b xxu||||| |||| 00| 0 eng d
082 _a354.676
_bGOK
100 _cGOK
245 _aReport of the Auditor-General on the Financial Statements for National Government For the Year 2012/2013
260 _aNairobi, Kenya
_bGOK
_cJune 2013
300 _a589p
942 _2ddc
_cBK
999 _c1081
_d1081